[Event "World Rapid Team 2023"]
[Site "Dusseldorf GER"]
[Date "2023.08.28"]
[Round "9.15"]
[Board "1"]
[White "Dyachuk, Artem"]
[Black "Shamsi, Mohammadhossein"]
[Result "1-0"]
[WhiteTitle "FM"]
[BlackTitle "CM"]
[WhiteElo "2242"]
[BlackElo "2217"]
[WhiteTeam "Chess Wizzards"]
[BlackTeam "PhileKhoob Chess Club"]
[WhiteFideId "34107924"]
[BlackFideId "12507326"]
[EventDate "2023.08.26"]

1. e4 c6 2. d4 d5 3. e5 Bf5 4. Nf3 e6 5. Be2 c5 6. Be3 Qb6 7. Nc3 Nc6 8. O-O
Qxb2 9. Nb5 c4 10. Nc7+ Kd7 11. Nxa8 Bxc2 12. Qe1 Bb4 13. Bd2 Nge7 14. Bxb4 Nxb4
15. Qd2 c3 16. Bb5+ Nec6 17. Qf4 Rf8 18. a3 Nd3 19. Bxc6+ bxc6 20. Qg5 g6 21.
Qh6 Qb8 22. Ng5 Qxa8 23. Nxh7 Rh8 24. Qg7 Rxh7 25. Qxh7 Qf8 26. Qh3 c5 27. Qe3
c4 28. Rfc1 Nxc1 29. Qxc1 Bd3 30. Qxc3 Qb8 31. h4 Qb3 32. Qa5 c3 33. Rc1 c2 34.
Qxa7+ Ke8 35. Qa5 Be4 36. a4 Qa3 37. Qd2 Qxa4 38. f3 1-0

[Event "World Rapid Team 2023"]
[Site "Dusseldorf GER"]
[Date "2023.08.28"]
[Round "9.15"]
[Board "2"]
[White "Juegel, Marcel"]
[Black "Nechitaylo, Nikita"]
[Result "1-0"]
[WhiteElo "2164"]
[BlackElo "2116"]
[WhiteTeam "PhileKhoob Chess Club"]
[BlackTeam "Chess Wizzards"]
[WhiteFideId "24621625"]
[BlackFideId "34138161"]
[EventDate "2023.08.26"]

1. d4 Nf6 2. Nc3 d5 3. Bf4 c5 4. e3 cxd4 5. exd4 a6 6. Bd3 e6 7. a3 Nc6 8. Nf3
Bd6 9. Qd2 O-O 10. O-O b5 11. Rfe1 Bb7 12. Bg5 Be7 13. Re2 b4 14. Na4 bxa3 15.
bxa3 Qa5 16. Nc3 Nd7 17. Qe3 Bxg5 18. Nxg5 h6 19. Nf3 Kh8 20. Nb1 Nb6 21. Nbd2
Na4 22. g4 Nc3 23. Ree1 Qd8 24. g5 h5 25. Qf4 g6 26. Nh4 Kg7 27. Ndf3 a5 28. Re3
Ne4 29. Rb1 Rb8 30. Ne5 Nxd4 31. Bxe4 dxe4 32. Nc4 Nf5 33. Qe5+ Kh7 34. Nxf5
exf5 35. Nd6 Ba6 36. Rxb8 Qxb8 37. Rb3 Qd8 38. h4 a4 39. Rb4 Qd7 40. Rb6 Be2 41.
Rb7 Qc6 42. Qf6 Qd5 43. Ne8 Qd1+ 44. Kh2 1-0

[Event "World Rapid Team 2023"]
[Site "Dusseldorf GER"]
[Date "2023.08.28"]
[Round "9.15"]
[Board "3"]
[White "Korchynskyi, Mykola"]
[Black "Kuckling, Hannah"]
[Result "1-0"]
[BlackTitle "WFM"]
[WhiteElo "2016"]
[BlackElo "2057"]
[WhiteTeam "Chess Wizzards"]
[BlackTeam "PhileKhoob Chess Club"]
[WhiteFideId "34138005"]
[BlackFideId "24603660"]
[EventDate "2023.08.26"]

1. d4 d5 2. c4 e6 3. Nc3 a6 4. cxd5 exd5 5. Nf3 Nf6 6. Bg5 Be7 7. e3 c6 8. Bd3
Nbd7 9. O-O Nf8 10. Ne5 Ng6 11. f4 Nxe5 12. fxe5 Ng4 13. Qf3 Rf8 14. Bxe7 Qxe7
15. e4 Qb4 16. exd5 Qxd4+ 17. Kh1 Nxe5 18. Rae1 Be6 19. Qg3 Qxd3 20. Qxe5 O-O-O
21. dxe6 fxe6 22. Qxe6+ Kb8 23. Qe5+ Ka8 24. Rxf8 Rxf8 25. h3 Qd2 26. Na4 Qf2
27. Qe3 Qf5 28. Rd1 Qc2 29. Nb6+ Kb8 30. Nd7+ Ka8 31. Rc1 Qf2 32. Qe7 Qf4 33.
Qxf8+ 1-0

[Event "World Rapid Team 2023"]
[Site "Dusseldorf GER"]
[Date "2023.08.28"]
[Round "9.15"]
[Board "4"]
[White "Bahmani, Koorosh"]
[Black "Tarasenko, Nazar"]
[Result "1-0"]
[WhiteElo "1873"]
[BlackElo "1888"]
[WhiteTeam "PhileKhoob Chess Club"]
[BlackTeam "Chess Wizzards"]
[WhiteFideId "42576750"]
[BlackFideId "34161430"]
[EventDate "2023.08.26"]

1. Nf3 d5 2. g3 d4 3. c4 c5 4. Bg2 Nc6 5. d3 e5 6. O-O Nf6 7. e3 Be7 8. exd4
exd4 9. Re1 O-O 10. Bf4 Bd6 11. Ne5 Nxe5 12. Bxe5 Bxe5 13. Rxe5 Qc7 14. Qe2 Bg4
15. f3 Rae8 16. Rxe8 Rxe8 17. Qf1 Qa5 18. Na3 Bf5 19. g4 Bg6 20. g5 Nd7 21. f4
Qd2 22. Rd1 Qxb2 23. Nb5 Re2 24. Nd6 Qc2 25. Re1 Bxd3 26. Bd5 Rxe1 27. Qxe1 Qe2
28. Qxe2 Bxe2 29. Nxf7 Nb6 30. Ne5+ Nxd5 31. cxd5 Bb5 32. d6 Kf8 33. f5 c4 34.
Kf2 c3 35. d7 Bxd7 36. Nxd7+ Ke7 37. Nc5 Kd6 38. Nd3 c2 39. Kf3 Kd5 40. Nb4+ Ke5
41. Nxc2 Kxf5 42. Nxd4+ Kxg5 43. a4 b6 44. Nb5 a6 45. Nc7 b5 46. a5 b4 47. Nxa6
b3 48. Nc5 1-0

[Event "World Rapid Team 2023"]
[Site "Dusseldorf GER"]
[Date "2023.08.28"]
[Round "9.15"]
[Board "6"]
[White "Mirzaiee Rad, Javad"]
[Black "Hladeniuk, Yelyzaveta"]
[Result "1-0"]
[WhiteElo "1721"]
[BlackElo "1362"]
[WhiteTeam "PhileKhoob Chess Club"]
[BlackTeam "Chess Wizzards"]
[WhiteFideId "42543819"]
[BlackFideId "34176128"]
[EventDate "2023.08.26"]

1. e4 c6 2. d4 d5 3. Nd2 dxe4 4. Nxe4 Bf5 5. Ng3 Bg6 6. h4 h6 7. Nf3 Nf6 8. h5
Bh7 9. Bd3 e6 10. Bxh7 Nxh7 11. Bf4 Be7 12. Qd2 Nd7 13. O-O-O Bg5 14. Nxg5 Nxg5
15. Bd6 Nf6 16. Ba3 Nge4 17. Nxe4 Nxe4 18. Qf4 Qg5 19. Qxg5 hxg5 20. Rhe1 Nxf2
21. Rd2 Ng4 22. d5 O-O-O 23. dxe6 fxe6 24. Rxd8+ Kxd8 25. Rxe6 Nf6 26. Re7 Kc8
27. Rxg7 Rxh5 28. Be7 Ne4 29. c3 Rh1+ 30. Kc2 Rh5 31. Kd3 Nf2+ 32. Ke2 Ne4 33.
Ke3 Ng3 34. Rxg5 Nf5+ 35. Kf4 Rxg5 36. Bxg5 Ng7 37. Ke5 Kd7 38. Bf6 Nh5 39. g4
Ng3 40. g5 Nh5 41. g6 b6 42. Ke4 1-0

[Event "World Rapid Team 2023"]
[Site "Dusseldorf GER"]
[Date "2023.08.28"]
[Round "9.16"]
[Board "1"]
[White "Kraus, Sebastian"]
[Black "Namale, Ben Nguku"]
[Result "0-1"]
[BlackTitle "CM"]
[WhiteElo "1904"]
[BlackElo "1967"]
[WhiteTeam "Unischach Bayreuth"]
[BlackTeam "Kenya Commercial Bank Chess Club"]
[WhiteFideId "24690260"]
[BlackFideId "10800263"]
[EventDate "2023.08.26"]

1. e4 c6 2. Nc3 d5 3. Nf3 Nf6 4. e5 Ne4 5. Ne2 Bg4 6. Ng3 e6 7. d4 c5 8. Bd3
Nxg3 9. fxg3 Nc6 10. c3 cxd4 11. O-O dxc3 12. bxc3 Bc5+ 13. Kh1 O-O 14. Bf4 Bh5
15. Qb1 Bg6 16. Ng5 Nxe5 17. Bxg6 Nxg6 18. h4 Qb6 19. Qc2 f5 20. Rab1 Qc6 21.
Rfe1 Rae8 22. h5 Nxf4 23. gxf4 Rf6 24. Qe2 Bd6 25. Qf3 e5 26. fxe5 Rxe5 27. Rxe5
Bxe5 28. Re1 Bc7 29. Qd3 h6 30. Nf3 Qc4 31. Re8+ Kh7 32. Qb1 Qg4 33. Re7 Qxh5+
34. Kg1 Bb6+ 35. Nd4 Bxd4+ 36. cxd4 Rb6 37. Qc2 Qg4 38. Kh2 Qh4+ 0-1

[Event "World Rapid Team 2023"]
[Site "Dusseldorf GER"]
[Date "2023.08.28"]
[Round "9.16"]
[Board "2"]
[White "Magana, Ben"]
[Black "Braun, Kristin"]
[Result "1-0"]
[WhiteTitle "CM"]
[WhiteElo "2020"]
[BlackElo "1906"]
[WhiteTeam "Kenya Commercial Bank Chess Club"]
[BlackTeam "Unischach Bayreuth"]
[WhiteFideId "10800166"]
[BlackFideId "24656534"]
[EventDate "2023.08.26"]

1. d4 Nf6 2. Bf4 g6 3. Nc3 d5 4. e3 Bg7 5. h4 h5 6. Nf3 Bf5 7. Ne5 c6 8. Qd2
Nbd7 9. f3 Qa5 10. Be2 Rc8 11. Bd3 Bxd3 12. Qxd3 c5 13. O-O cxd4 14. exd4 Nb6
15. Rfe1 Nc4 16. Nxg6 Nxb2 17. Rxe7+ Kd8 18. Qb5 Qxc3 19. Be5 fxg6 20. Bxf6 Rc7
21. Re8# 1-0

[Event "World Rapid Team 2023"]
[Site "Dusseldorf GER"]
[Date "2023.08.28"]
[Round "9.16"]
[Board "3"]
[White "Strahl, Christian"]
[Black "Methu, Joseph Muragu"]
[Result "0-1"]
[WhiteElo "1857"]
[BlackElo "1989"]
[WhiteTeam "Unischach Bayreuth"]
[BlackTeam "Kenya Commercial Bank Chess Club"]
[WhiteFideId "12955019"]
[BlackFideId "10804714"]
[EventDate "2023.08.26"]

1. e4 Nf6 2. e5 Nd5 3. d4 Nb6 4. Nf3 d6 5. Be2 g6 6. O-O Bg7 7. exd6 cxd6 8. c4
O-O 9. h3 Nc6 10. Nc3 Bf5 11. a3 Rc8 12. b3 e5 13. Be3 e4 14. Ng5 d5 15. g4 Be6
16. c5 Nd7 17. b4 Qf6 18. Nxe6 fxe6 19. Bb5 Qh4 20. Kg2 Rf3 21. Rh1 Rcf8 22. Qd2
Bh6 23. Kg1 0-1

[Event "World Rapid Team 2023"]
[Site "Dusseldorf GER"]
[Date "2023.08.28"]
[Round "9.16"]
[Board "4"]
[White "Njoroge, Martin"]
[Black "Glock, Benjamin"]
[Result "1-0"]
[WhiteElo "1870"]
[BlackElo "1782"]
[WhiteTeam "Kenya Commercial Bank Chess Club"]
[BlackTeam "Unischach Bayreuth"]
[WhiteFideId "10801952"]
[BlackFideId "12942103"]
[EventDate "2023.08.26"]

1. c4 Nf6 2. Nf3 e6 3. b3 d5 4. Bb2 Be7 5. g3 O-O 6. Bg2 b6 7. O-O Bb7 8. e3 c5
9. Qe2 Nbd7 10. Rd1 Qc7 11. Nc3 a6 12. Rac1 Rad8 13. d4 Rfe8 14. cxd5 exd5 15.
Na4 Ne4 16. Nd2 Ndf6 17. Nxe4 Nxe4 18. dxc5 bxc5 19. b4 c4 20. Bd4 Qc6 21. Bxe4
Qxa4 22. Bc2 Qd7 23. a3 Qh3 24. Qf3 Bc8 25. Rd2 Bg4 26. Qg2 Qh5 27. Bd1 Rd6 28.
Bc5 Bxd1 29. Rcxd1 c3 30. Rd3 Rd7 31. g4 Qg6 32. Rxc3 Bf6 33. Rcd3 Red8 34. Rxd5
Rxd5 35. Rxd5 Rxd5 36. Qxd5 Qxg4+ 37. Kf1 g6 38. Qa8+ Kg7 39. Qf8# 1-0

[Event "World Rapid Team 2023"]
[Site "Dusseldorf GER"]
[Date "2023.08.28"]
[Round "9.16"]
[Board "5"]
[White "Holoubek, Jonas"]
[Black "Oluka Robert Mcligeyo"]
[Result "0-1"]
[WhiteElo "1570"]
[BlackElo "2009"]
[WhiteTeam "Unischach Bayreuth"]
[BlackTeam "Kenya Commercial Bank Chess Club"]
[WhiteFideId "16283260"]
[BlackFideId "10814647"]
[EventDate "2023.08.26"]

1. e4 c5 2. c3 Nf6 3. e5 Nd5 4. d4 cxd4 5. cxd4 d6 6. Nf3 Nc6 7. Bd2 dxe5 8.
dxe5 Bg4 9. Be2 e6 10. h3 Bxf3 11. Bxf3 Nxe5 12. O-O Nxf3+ 13. Qxf3 Be7 14. Nc3
O-O 15. Nxd5 Qxd5 16. Qxd5 exd5 17. Rad1 Bf6 18. Bb4 Rfd8 19. b3 g6 20. Rfe1 Rd7
21. Rd3 Rc8 22. Rde3 Kg7 23. Be7 Bc3 24. Rc1 d4 25. Re4 d3 26. Bg5 Rc6 27. Rc4
Rxc4 28. bxc4 d2 29. Bxd2 Bxd2 30. Rd1 Rd8 31. Kf1 Ba5 32. Rb1 Bb6 33. c5 Bxc5
34. Rxb7 Rd2 35. f3 Rf2+ 36. Ke1 Rxa2 37. Rc7 Bb6 38. Rc4 Rxg2 0-1

[Event "World Rapid Team 2023"]
[Site "Dusseldorf GER"]
[Date "2023.08.28"]
[Round "9.16"]
[Board "6"]
[White "Ndirangu, Nyaruai, Joyce"]
[Black "Hollstein, Jonas"]
[Result "1-0"]
[WhiteTitle "WCM"]
[WhiteElo "1719"]
[BlackElo "1495"]
[WhiteTeam "Kenya Commercial Bank Chess Club"]
[BlackTeam "Unischach Bayreuth"]
[WhiteFideId "10802886"]
[BlackFideId "16266870"]
[EventDate "2023.08.26"]

1. e4 c6 2. d4 d5 3. Nc3 dxe4 4. Nxe4 Bf5 5. Ng3 Bg6 6. Bc4 e6 7. Nf3 h6 8. c3
Nd7 9. Qe2 Be7 10. Bd2 Ngf6 11. Rd1 O-O 12. O-O Qb6 13. Nh4 Bh7 14. Bb3 a5 15.
Be3 a4 16. Bc4 Qc7 17. a3 Nd5 18. Nf3 Nxe3 19. Qxe3 Rfe8 20. Rfe1 Rad8 21. Ba2
Nf6 22. Nd2 c5 23. Nf3 cxd4 24. Nxd4 Bc5 25. Qe2 Nd5 26. Qg4 Bg6 27. Nxe6 Qb6
28. Nxc5 Rxe1+ 29. Rxe1 Qxc5 30. Qxa4 Nf6 31. h3 Rd2 32. Re2 Rxe2 33. Nxe2 Ne4
34. Qe8+ Kh7 35. Nd4 Qb6 36. Qb5 Qf6 37. Qe2 Bh5 38. Qxe4+ Bg6 39. Qf3 Qe7 40.
Bc4 Qe1+ 41. Bf1 f6 42. Qe2 Qc1 43. Ne6 Bf7 44. Qd3+ Bg6 45. Nf8+ 1-0

[Event "World Rapid Team 2023"]
[Site "Dusseldorf GER"]
[Date "2023.08.28"]
[Round "9.17"]
[Board "1"]
[White "Li, Yunqi"]
[Black "Perossa, Nicolas"]
[Result "0-1"]
[WhiteElo "1659"]
[BlackElo "2265"]
[WhiteTeam "Deutsche Schachjugend 2"]
[BlackTeam "Mitropa Chess Association"]
[WhiteFideId "34610618"]
[BlackFideId "2850520"]
[EventDate "2023.08.26"]

1. e4 e6 2. d4 d5 3. Nd2 Nc6 4. c3 e5 5. exd5 Qxd5 6. Bc4 Qxg2 7. Qf3 Qxf3 8.
Ngxf3 exd4 9. cxd4 Bf5 10. Bb5 Ne7 11. O-O O-O-O 12. Nb3 Be4 13. Ng5 Bd5 14. Be3
Rd6 15. Bd3 f5 16. f3 h6 17. Nh3 g5 18. f4 g4 19. Nf2 Bg7 20. Rad1 h5 21. Rd2 h4
22. Nd1 Rg6 23. Nc3 Bxb3 24. axb3 Nxd4 25. Bxd4 Bxd4+ 26. Kg2 h3+ 27. Kh1 Bxc3
28. bxc3 Rd6 29. Rfd1 Rhd8 30. Kg1 c6 31. Kf2 Kc7 32. Ke2 Nd5 0-1

[Event "World Rapid Team 2023"]
[Site "Dusseldorf GER"]
[Date "2023.08.28"]
[Round "9.17"]
[Board "2"]
[White "Bordin, Silvia"]
[Black "Lorenz, Veronika"]
[Result "1-0"]
[WhiteElo "1933"]
[BlackElo "1668"]
[WhiteTeam "Mitropa Chess Association"]
[BlackTeam "Deutsche Schachjugend 2"]
[WhiteFideId "2837612"]
[BlackFideId "16277406"]
[EventDate "2023.08.26"]

1. e4 e5 2. Nf3 Nc6 3. d4 exd4 4. Nxd4 Nf6 5. Nc3 Bb4 6. Nxc6 bxc6 7. Bd3 d5 8.
exd5 cxd5 9. O-O O-O 10. Bg5 c6 11. Qf3 Be7 12. Rae1 Re8 13. Nd1 h6 14. Bh4 Be6
15. Ne3 Qd7 16. Nf5 Bxf5 17. Bxf5 Qb7 18. b3 a5 19. Bd3 Kf8 20. Qf5 Qd7 21. Bxf6
Qxf5 22. Bxe7+ Rxe7 23. Bxf5 Rae8 24. Rxe7 Rxe7 25. Bd3 c5 26. f3 Ke8 27. Kf2
Kd7 28. Re1 Rxe1 29. Kxe1 Kd6 30. Ke2 Ke5 31. g3 Kd4 32. Kd2 c4 33. c3+ Kc5 34.
bxc4 dxc4 35. Be2 f6 36. Ke3 g6 37. Ke4 h5 38. h4 g5 39. Kf5 gxh4 40. gxh4 Kd5
41. Kxf6 a4 42. a3 1-0

[Event "World Rapid Team 2023"]
[Site "Dusseldorf GER"]
[Date "2023.08.28"]
[Round "9.17"]
[Board "3"]
[White "Mueller, Konstantin"]
[Black "Dordevic, Tom"]
[Result "0-1"]
[WhiteElo "1696"]
[BlackElo "1998"]
[WhiteTeam "Deutsche Schachjugend 2"]
[BlackTeam "Mitropa Chess Association"]
[WhiteFideId "34661778"]
[BlackFideId "16260503"]
[EventDate "2023.08.26"]

1. e4 c5 2. c3 Nf6 3. e5 Nd5 4. d4 cxd4 5. cxd4 d6 6. Nf3 Nc6 7. Bc4 dxe5 8.
dxe5 Ndb4 9. Qb3 e6 10. O-O Na5 11. Qa4+ Bd7 12. Bb5 Bxb5 13. Qxb5+ Nac6 14. Nc3
a6 15. Qe2 Qd3 16. Be3 Qxe2 17. Nxe2 Nc2 18. Rac1 Nxe3 19. fxe3 Be7 20. Ned4 Nb4
21. a3 Nd5 22. Kf2 Rd8 23. g3 O-O 24. e4 Nb6 25. Rc7 Rd7 26. Rfc1 Rfd8 27. Ke3
Kf8 28. h4 Ke8 29. Rxd7 Rxd7 30. Nd2 Kd8 31. b4 Rc7 32. Rxc7 Kxc7 33. Kd3 Nd7
34. N2f3 Kb6 35. Kc4 Bd8 36. Ne2 h6 37. Nc3 Bc7 38. Kd4 Nb8 39. Na4+ Kc6 40. g4
b6 41. g5 h5 42. Nc3 Kb7 43. g6 fxg6 44. Ng5 Nc6+ 45. Ke3 Bxe5 46. Ne2 Nd8 47.
Nd4 Bxd4+ 48. Kxd4 Kc7 49. e5 Kd7 50. Nh3 Nc6+ 51. Ke4 Ke7 52. Nf4 Kf7 53. Ne2
Ne7 54. Nd4 Nf5 55. Nf3 Ke7 56. Kf4 Kd7 57. Kg5 Ne7 58. Nd4 b5 59. Kf4 Nf5 60.
Nf3 Kc6 61. Kg5 Ne7 62. Kf4 Kd5 63. Nd2 Kd4 64. Nb3+ Kd5 65. Na5 Nc6 66. Nb7
Nxe5 67. Nc5 a5 68. Ne4 axb4 69. axb4 Nd3+ 70. Kg5 Kxe4 71. Kxg6 Nxb4 72. Kxh5
Nd5 73. Kg6 Nf4+ 74. Kxg7 b4 75. Kh6 b3 76. h5 Nxh5 0-1

[Event "World Rapid Team 2023"]
[Site "Dusseldorf GER"]
[Date "2023.08.28"]
[Round "9.17"]
[Board "4"]
[White "Peglau, Charis"]
[Black "Czaeczine, Paula"]
[Result "1-0"]
[WhiteTitle "WFM"]
[WhiteElo "2094"]
[BlackElo "1588"]
[WhiteTeam "Mitropa Chess Association"]
[BlackTeam "Deutsche Schachjugend 2"]
[WhiteFideId "16219996"]
[BlackFideId "16249305"]
[EventDate "2023.08.26"]

1. Nf3 d5 2. e3 c5 3. b3 Nf6 4. Bb2 e6 5. Be2 Be7 6. O-O O-O 7. c4 Nc6 8. d4
cxd4 9. Nxd4 Bd7 10. Nc3 Nxd4 11. Qxd4 dxc4 12. Bxc4 Bc6 13. Qf4 Qd6 14. Ne2
Qxf4 15. Nxf4 Bd6 16. Bxf6 gxf6 17. Rfd1 Be5 18. Rac1 Rfd8 19. Nh5 f5 20. f4 Bc7
21. Kf2 Kf8 22. Ng3 Ke7 23. Be2 Rxd1 24. Rxd1 Rd8 25. Rxd8 Bxd8 26. Bf3 Kd6 27.
Bxc6 Kxc6 28. e4 fxe4 29. Nxe4 Kd5 30. Ke3 h6 31. h3 f5 32. Ng3 b5 33. Kd3 a5
34. Ne2 Bc7 35. g4 fxg4 36. hxg4 e5 37. Nc3+ Kc5 38. f5 Bd8 39. Ke4 b4 40. Nd5
Kd6 41. Ne3 Bf6 42. Nc4+ Kc5 43. Nxa5 Kd6 44. Nc4+ Ke7 45. Nxe5 Kf8 46. Nd7+ Kf7
47. Nxf6 Kxf6 48. Kf4 1-0

[Event "World Rapid Team 2023"]
[Site "Dusseldorf GER"]
[Date "2023.08.28"]
[Round "9.17"]
[Board "5"]
[White "Bohatyrova, Mariia"]
[Black "Peglau, Dora"]
[Result "0-1"]
[WhiteElo "1398"]
[BlackElo "2052"]
[WhiteTeam "Deutsche Schachjugend 2"]
[BlackTeam "Mitropa Chess Association"]
[WhiteFideId "34165789"]
[BlackFideId "16220005"]
[EventDate "2023.08.26"]

1. Nf3 d5 2. d4 Nf6 3. c4 e6 4. Nc3 a6 5. Bg5 dxc4 6. e3 b5 7. a4 b4 8. Na2 Bb7
9. Bxc4 Nbd7 10. Qd2 Ne4 11. Bxd8 Nxd2 12. Kxd2 Rxd8 13. Rhd1 c5 14. Ke2 Nb6 15.
Bd3 Nxa4 16. Rd2 cxd4 17. exd4 Nb6 18. Nc1 Nd5 19. Bxa6 Nf4+ 20. Kf1 Bxa6+ 21.
Rxa6 Be7 22. Ne5 Rc8 23. Ne2 Nd5 24. Rd1 O-O 25. Ra7 Rfd8 26. Kg1 Rc2 27. Kf1
Rxb2 28. Nd3 Rc2 29. Rb1 g6 30. Ne1 Rxe2 31. Kxe2 Nc3+ 32. Kd3 Nxb1 33. Rxe7 Nc3
34. Rb7 Nd5 35. Nc2 Nf4+ 36. Ke4 Nxg2 37. Kf3 Nh4+ 38. Ke4 Nf5 39. Rxb4 Rc8 40.
Ne3 Nxe3 41. fxe3 Rc2 42. h3 Rh2 43. Rb8+ Kg7 44. Rb7 Rxh3 45. Rb8 h5 46. Rb7
Rg3 47. Kf4 h4 48. Rb3 g5+ 49. Ke4 h3 50. Rb1 h2 51. Rh1 Rh3 52. Kd3 g4 53. Ke2
Kf6 54. e4 Ra3 55. Kf2 Rd3 56. Rxh2 g3+ 57. Kg2 gxh2 58. Kxh2 Rxd4 59. Kg3 Rxe4
60. Kf3 Kf5 61. Kf2 Kf4 62. Kg2 Rc4 63. Kf2 Rc2+ 64. Ke1 Ke3 65. Kd1 Rh2 66. Kc1
Kd3 67. Kb1 Kc3 68. Kc1 Rh1# 0-1

[Event "World Rapid Team 2023"]
[Site "Dusseldorf GER"]
[Date "2023.08.28"]
[Round "10.1"]
[Board "1"]
[White "Aravindh, Chithambaram VR."]
[Black "Anand, Viswanathan"]
[Result "1-0"]
[WhiteTitle "GM"]
[BlackTitle "GM"]
[WhiteElo "2645"]
[BlackElo "2754"]
[WhiteTeam "Six-pack"]
[BlackTeam "Freedom"]
[WhiteFideId "5072786"]
[BlackFideId "5000017"]
[EventDate "2023.08.26"]

1. d4 d5 2. c4 dxc4 3. e4 b5 4. a4 c6 5. axb5 cxb5 6. Nc3 Qb6 7. Qh5 a6 8. Nxb5
Nc6 9. Bxc4 e6 10. Be3 Nf6 11. Qd1 Bb4+ 12. Nc3 Nxe4 13. Ne2 Bxc3+ 14. bxc3 Qc7
15. Bf4 Qd7 16. O-O O-O 17. Qd3 Nf6 18. Bxa6 Bxa6 19. Rxa6 Rxa6 20. Qxa6 Nd5 21.
Bg3 Qc8 22. Ra1 Qxa6 23. Rxa6 Rc8 24. c4 Ndb4 25. Ra4 f6 26. f3 Nd3 27. c5 e5
28. Ra3 Ndb4 29. dxe5 Nxe5 30. Bxe5 fxe5 31. Rc3 Na6 32. c6 Nb4 33. c7 Kf7 34.
Ng3 Nd5 35. Rc5 Ke6 36. Ne4 h6 37. Rc6+ Ke7 38. Rg6 Rxc7 39. Rxg7+ Kf8 40. Rxc7
Nxc7 41. Nf6 Kf7 42. Ng4 e4 43. fxe4 h5 44. Ne5+ Kf6 45. Nf3 Ne6 46. Kf2 1-0

[Event "World Rapid Team 2023"]
[Site "Dusseldorf GER"]
[Date "2023.08.28"]
[Round "10.1"]
[Board "3"]
[White "Karthik, Venkataraman"]
[Black "Vidit, Santosh Gujrathi"]
[Result "1/2-1/2"]
[WhiteTitle "GM"]
[BlackTitle "GM"]
[WhiteElo "2562"]
[BlackElo "2723"]
[WhiteTeam "Six-pack"]
[BlackTeam "Freedom"]
[WhiteFideId "25006479"]
[BlackFideId "5029465"]
[EventDate "2023.08.26"]

1. e4 e5 2. Nf3 Nc6 3. Bb5 Nf6 4. d3 Bc5 5. c3 O-O 6. O-O d5 7. Nbd2 Re8 8. exd5
a6 9. Bxc6 bxc6 10. Nb3 Qxd5 11. Nxc5 Qxc5 12. d4 exd4 13. Qxd4 Qh5 14. Bg5 Bg4
15. Bxf6 Bxf3 16. gxf3 Qg6+ 17. Kh1 Qxf6 18. Qxf6 gxf6 19. Rfe1 Rad8 20. Kg2
Rxe1 21. Rxe1 Rd2 22. Re8+ Kg7 23. Rb8 a5 24. a4 Rd1 25. Ra8 Rb1 26. Rxa5 Rxb2
27. Rc5 Ra2 28. a5 Ra4 29. Kg3 Kf8 30. h4 Ke7 31. Rxc6 Rxa5 32. Rxc7+ Ke6 33.
Rc8 h5 34. Re8+ Kf5 35. Re4 Ra1 36. Rf4+ Ke5 37. Rb4 Rg1+ 38. Kh2 Rc1 39. Rc4 f5
40. Rc5+ Kf4 41. Kg2 Rc2 42. Rc4+ Ke5 43. Kg3 f6 44. Rc5+ Ke6 45. Rc8 f4+ 46.
Kxf4 Rxf2 47. Rc5 Rc2 48. Ke3 Kd6 49. Rc8 Rh2 50. Rc4 f5 51. Ra4 Ke5 52. Rd4 Rh1
53. Rb4 Re1+ 54. Kf2 Rc1 55. Rc4 Kd5 56. Rc8 f4 57. Rh8 Rc2+ 58. Kg1 Rxc3 59.
Rxh5+ Kd4 60. Kg2 Rc2+ 61. Kh3 Ke3 62. Ra5 Kxf3 63. Ra3+ 1/2-1/2

[Event "World Rapid Team 2023"]
[Site "Dusseldorf GER"]
[Date "2023.08.28"]
[Round "10.1"]
[Board "4"]
[White "Rapport, Richard"]
[Black "Pranesh, M"]
[Result "1-0"]
[WhiteTitle "GM"]
[BlackTitle "GM"]
[WhiteElo "2752"]
[BlackElo "2503"]
[WhiteTeam "Freedom"]
[BlackTeam "Six-pack"]
[WhiteFideId "738590"]
[BlackFideId "35028600"]
[EventDate "2023.08.26"]

1. e4 e5 2. Bc4 Nf6 3. d3 c6 4. Nf3 d5 5. Bb3 a5 6. a4 Bb4+ 7. c3 Bd6 8. exd5
cxd5 9. Bg5 Be6 10. Na3 h6 11. Bh4 Nc6 12. Nb5 Bb8 13. Qe2 O-O 14. h3 Qd7 15.
Bxf6 gxf6 16. g4 Ra6 17. Rg1 Na7 18. g5 fxg5 19. Nxg5 Kh8 20. Nxe6 Rxe6 21. Na3
Rb6 22. Ba2 Nc8 23. O-O-O Ne7 24. Nb5 Rf6 25. Qe3 Rc8 26. Kb1 Qf5 27. Rdf1 Qf4
28. Bb3 b6 29. Bd1 Rd8 30. Qe2 Ng6 31. Rg4 Qf5 32. Qe3 Kh7 33. f3 Nf4 34. Bc2 d4
35. cxd4 exd4 36. Nxd4 Qc5 37. Qe4+ Kh8 38. Nb3 Qd5 39. d4 Ng6 40. Rfg1 Kg7 41.
Qe7 Rdd6 42. Qe5 Kf8 43. Bxg6 fxg6 44. Qxd5 Rxd5 45. Rxg6 Kf7 46. Rg7+ Ke6 47.
Re1+ Kf5 48. Re4 Bf4 49. Rg4 Bd6 50. Nd2 h5 51. Rg7 Bf4 52. Nc4 Rd8 53. h4 Rc8
54. b3 Rcc6 55. Kc2 Rg6 56. Rf7+ Rcf6 57. Rxf6+ Rxf6 58. Kd3 Bc7 59. Ke2 Kg6 60.
Ne5+ Kg7 61. Ke3 Rd6 62. Nc4 Rd7 63. Re6 Bd8 64. Ne5 Rb7 65. Ng6 Rc7 66. Kd3 Rf7
67. Ke4 Rb7 68. Nf4 Bxh4 69. Nxh5+ Kf8 70. Nf4 Kg8 71. Rh6 Bd8 72. Rh5 Bf6 73.
Ne6 Re7 74. d5 Rd7 75. Rf5 Be7 76. Kd4 b5 77. axb5 Rb7 78. Kc4 Rb8 79. Nd4 Ra8 1-0

[Event "World Rapid Team 2023"]
[Site "Dusseldorf GER"]
[Date "2023.08.28"]
[Round "10.1"]
[Board "5"]
[White "Priyanka, Nutakki"]
[Black "Shuvalova, Polina"]
[Result "0-1"]
[WhiteTitle "WGM"]
[BlackTitle "IM"]
[WhiteElo "2283"]
[BlackElo "2496"]
[WhiteTeam "Six-pack"]
[BlackTeam "Freedom"]
[WhiteFideId "25049615"]
[BlackFideId "24171760"]
[EventDate "2023.08.26"]

1. d4 Nf6 2. Nf3 d5 3. Bf4 c5 4. e3 Nc6 5. Nbd2 Nh5 6. Bg5 h6 7. Bh4 g5 8. Bg3
Nxg3 9. hxg3 g4 10. Ne5 Nxe5 11. dxe5 Qb6 12. c4 d4 13. exd4 cxd4 14. Nb3 Bg7
15. Qxd4 Qxd4 16. Nxd4 Bxe5 17. O-O-O h5 18. Be2 e6 19. Rhe1 Bd7 20. Bf1 f6 21.
Kb1 Rg8 22. Nb3 Rc8 23. Nc1 Ke7 24. Nd3 Bd4 25. Rd2 e5 26. Nf4 Kf7 27. Nxh5 Bf5+
28. Bd3 Bxd3+ 29. Rxd3 Rxc4 30. f3 Rg5 31. fxg4 Rxg4 32. b3 Rc6 33. Nf4 Rc3 34.
Rxc3 Bxc3 35. Rc1 Ba5 36. Ne2 Re4 37. Rc2 Kg6 38. Kc1 Kg5 39. Kd1 Re3 40. Rc4
Rd3+ 41. Kc1 Rd2 42. Rc2 Rxc2+ 43. Kxc2 Kg4 44. Kd1 Bb4 45. Kc2 Be1 46. Kd3 f5
47. Kc4 Bxg3 48. Kd5 e4 49. b4 Bc7 50. a4 a6 51. Kd4 Bb6+ 52. Kd5 Bf2 53. b5
axb5 54. axb5 b6 55. Ke5 Bc5 56. Kd5 Be7 57. Ke5 Bf8 58. Kd4 Bg7+ 59. Kd5 Bb2
60. Ke6 f4 61. Kd5 f3 62. gxf3+ exf3 0-1